=LDR 00000nam 2200000 4500 =001 INLIS000000000045523 =005 20240719085721 =035 ##$$a 0010-021500000000083 =020 ##$$a 978-07460-49051 =040 ##$$a NBPDMAT =082 ##$$a 523.203 =090 ##$$a 523.203 $b Fel e =100 ##$$a Felicity Brooks =245 1#$$a Ensiklopedi pertama terhubung internet dunia kita /$c Felicita Brooks ; penerjemah, Renata Pohan =260 ##$$a Jakarta :$b Gading Inti Prima,$c 2012 =300 ##$$a 64 hlm. : $b ilus. ; $c 29 cm. =650 #4$$a Alam semesta-Ensiklopedi =008 240719################g##########0#ind## =084 ##$$a 523.203 FEL e =500 ##$$a Indeks: hal. 62-64 =990 ##$$a 21421327 =990 ##$$a 21421328 =990 ##$$a 21421329 =990 ##$$a 21421330 =990 ##$$a 21421331 =990 ##$$a 01201708685 =990 ##$$a 00092161 =990 ##$$a 21421327 =990 ##$$a 21421328 =990 ##$$a 21421329 =990 ##$$a 21421330 =990 ##$$a 21421331 =990 ##$$a 21421330 =990 ##$$a 21421327 =990 ##$$a 21421328 =990 ##$$a 21421329 =990 ##$$a 21421331 =990 ##$$a 00092161 =990 ##$$a 21421328 =990 ##$$a 21421327 =990 ##$$a 21421329 =990 ##$$a 21421330 =990 ##$$a 21421331 =990 ##$$a 00092161 =990 ##$$a 21421327 =990 ##$$a 21421328 =990 ##$$a 21421329 =990 ##$$a 21421330 =990 ##$$a 21421331 =990 ##$$a 00092161 =990 ##$$a 21421331 =990 ##$$a 21421327 =990 ##$$a 21421328 =990 ##$$a 21421329 =990 ##$$a 21421330 =990 ##$$a 00092161